Modely daňovej sústavy na riadenie krátkodobej likvidity Slovenskej republiky dizertačná práca

Gespeichert in:
Bibliographische Detailangaben
1. Verfasser: Pavlík, Martin
Körperschaft: Fakulta hospodárskej informatiky EU. Katedra operačného výskumu a ekonometrie
Weitere Verfasser: Fendek, Michal
Format: Buch
Sprache:Slowakisch
Veröffentlicht: Bratislava 2008
Schlagworte:
Tags: Tag hinzufügen
Keine Tags, Fügen Sie das erste Tag hinzu!

MARC

LEADER 00000nam$a2200000$$$4500
001 0082626
005 20221207101204.0
041 0 |a slo 
044 |a SK 
245 1 0 |a Modely daňovej sústavy na riadenie krátkodobej likvidity Slovenskej republiky  |b dizertačná práca  |c Martin Pavlík ; škol. Michal Fendek 
264 1 |a Bratislava  |c 2008 
300 |a 120 s. 
610 2 0 |a sústava daňová 
610 2 0 |a dane 
610 2 0 |a modelovanie ekonometrické 
610 2 0 |a likvidita 
610 2 0 |a Slovensko 
100 1 |a Pavlík, Martin 
700 1 |a Fendek, Michal 
710 2 |a Fakulta hospodárskej informatiky EU. Katedra operačného výskumu a ekonometrie